000 00292nam a22001097a 4500
082 _a800
100 _aN P , Sreejisha
_980769
245 _aIndian Freedom Movement As Reflected in Sanskrit Literature
260 _aDelhi
_bNew Bharatiya book
_c2015
650 _aLiterature
_980770
942 _cBK
999 _c64024
_d64024